[Event "Oberliga NRW 0809"]
[Site "Germany"]
[Date "2009.01.04"]
[Round "5.3"]
[White "Wengenroth, Walter"]
[Black "Thiel, Thomas"]
[Result "1-0"]
[WhiteElo "2332"]
[BlackElo "2286"]
[PlyCount "69"]
[EventDate "2008.09.21"]
[EventType "team-tourn"]
[EventRounds "9"]
[EventCountry "GER"]
[SourceTitle "EXT 2010"]
[Source "ChessBase"]
[SourceDate "2010.11.25"]
[SourceVersion "1"]
[SourceVersionDate "2010.11.25"]
[SourceQuality "1"]
[WhiteTeam "Duisburg"]
[BlackTeam "Wattenscheid II"]
[WhiteTeamCountry "GER"]
[BlackTeamCountry "GER"]

1. c4 Nf6 2. Nc3 e6 3. d4 d5 4. cxd5 Nxd5 5. e4 Nxc3 6. bxc3 c5 7. Nf3 cxd4 8. cxd4 Bb4+ 9. Bd2 Bxd2+ 10. Qxd2 0-0 11. Bc4 Nc6 12. 0-0 b6 13. Rad1 Bb7 14. Rfe1 Rc8 15. h4 h6 16. Qf4 Ne7 17. Ne5 Qd6 18. Qg4 Qb4 19. Bb3 Kh8 20. Re3 f5 21. exf5 exf5 22. Qh5 Bd5 23. Bxd5 Nxd5 24. Ng6+ Kg8 25. Re5 Rcd8 26. Nxf8 Qxf8 27. Rxf5 Qd6 28. Qf3 Kh8 29. h5 b5 30. Re1 Nf6 31. Rxb5 Qxd4 32. Rb7 Rf8 33. Qe3 Qxe3 34. Rxe3 Ng4 35. Rg3 1-0